00466nam a2200145Ia 4500008004100000020001800041082001200059100002800071245004200099260000800141500002000149942000700169952012900176999001500305260604s9999 xx 000 0 und d a9781138207981 a330 PHE aharles E. Phelps935115 0aHEALTH ECONOMICS, 6TH EDN (BKS591237) bCRC aEconomy, Health cBK 00104070aIIMVbIIMVcLOCKERd2026-06-04g18952.00l0o330 PHEp003491r2026-06-04 10:18:03v18952.00w2026-06-04yBKBPHE c7873d7873